Management, organisation and employment strategy (Record no. 12876)

MARC details
000 -LEADER
fixed length control field 01597nam a2200337Ia 4500
001 - CONTROL NUMBER
control field 9780203660003
003 - CONTROL NUMBER IDENTIFIER
control field BD-DhSAU
005 - DATE AND TIME OF LATEST TRANSACTION
control field 20151012151722.0
006 - FIXED-LENGTH DATA ELEMENTS--ADDITIONAL MATERIAL CHARACTERISTICS
fixed length control field a|||||s|||||||||||
007 - PHYSICAL DESCRIPTION FIXED FIELD--GENERAL INFORMATION
fixed length control field cr||||
008 - FIXED-LENGTH DATA ELEMENTS--GENERAL INFORMATION
fixed length control field 130417r20131986enka sb 001 0 eng d
020 ## - INTERNATIONAL STANDARD BOOK NUMBER
International Standard Book Number 9780203660003 (e-book : PDF)
040 ## - CATALOGING SOURCE
Original cataloging agency BD-DhSAU
Transcribing agency BD-DhSAU
090 ## - LOCALLY ASSIGNED LC-TYPE CALL NUMBER (OCLC); LOCAL CALL NUMBER (OCLC)
Classification number (OCLC) (R) ; Classification number, CALL (RLIN) (NR) HD31
Local cutter number (OCLC) ; Book number/undivided call number, CALL (RLIN) .W38 2013
092 ## - LOCALLY ASSIGNED DEWEY CALL NUMBER (OCLC)
Classification number 658
Item number W342
100 1# - MAIN ENTRY--PERSONAL NAME
Personal name Watson, Tony J.
245 10 - TITLE STATEMENT
Title Management, organisation and employment strategy
Medium [electronic resource] :
Remainder of title new directions in theory and practice /
Statement of responsibility, etc. Tony J. Watson.
260 ## - PUBLICATION, DISTRIBUTION, ETC. (IMPRINT)
Place of publication, distribution, etc. Oxon [England] :
Name of publisher, distributor, etc. Routledge,
Date of publication, distribution, etc. 2013.
300 ## - PHYSICAL DESCRIPTION
Extent xiv, 258 p. :
Other physical details ill.
490 0# - SERIES STATEMENT
Series statement Routledge library editions : organizations : theory & behaviour ;
Volume/sequential designation v. 30
500 ## - GENERAL NOTE
General note First published in 1986 by Routledge & Kegan Paul.
504 ## - BIBLIOGRAPHY, ETC. NOTE
Bibliography, etc Includes bibliographical references (p. [241]-253) and index.
505 0# - FORMATTED CONTENTS NOTE
Formatted contents note 1. Theory, practice and commonsense -- 2. Management and managing : images and reality -- 3. Organisations : structure, process and effectiveness -- 4. Motivation, leadership and employee management -- 5. Employment strategy and the problems of managing people -- 6. The employment specialists : personnel management -- 7. Emerging policies, practices and possibilities.
530 ## - ADDITIONAL PHYSICAL FORM AVAILABLE NOTE
Additional physical form available note Also available in print edition.
538 ## - SYSTEM DETAILS NOTE
System details note Mode of access: World Wide Web.
650 #0 - SUBJECT ADDED ENTRY--TOPICAL TERM
Topical term or geographic name as entry element Management.
650 #0 - SUBJECT ADDED ENTRY--TOPICAL TERM
Topical term or geographic name as entry element Personnel management.
655 #7 - INDEX TERM--GENRE/FORM
Genre/form data or focus term Electronic books.
Source of term lcsh
776 1# - ADDITIONAL PHYSICAL FORM ENTRY
International Standard Book Number 9780415825054
-- 9780415657938 (set)
856 40 - ELECTRONIC LOCATION AND ACCESS
Uniform Resource Identifier <a href="http://www.tandfebooks.com/isbn/9780203660003">http://www.tandfebooks.com/isbn/9780203660003</a>

No items available.